书目信息 |
| 题名: |
范文照
|
|
| 作者: | 黄元炤 编著 | |
| 分册: | ||
| 出版信息: | 北京 中国建筑工业出版社 2015 |
|
| 页数: | 360页 | |
| 开本: | 23cm | |
| 丛书名: | ||
| 单 册: | ||
| 中图分类: | K826.16 | |
| 科图分类: | ||
| 主题词: | 建筑师--生平事迹--中国--现代 , 建筑设计--作品集--中国--现代 | |
| 电子资源: | ||
| ISBN: | 978-7-112-18044-8 | |
| 000 | 00865nam0 2200253 450 | |
| 001 | 0100004658 | |
| 005 | 20191106093538.94 | |
| 010 | @a978-7-112-18044-8@dCNY48.00 | |
| 100 | @a20150824d2015 em y0chiy50 ea | |
| 101 | 0 | @achi |
| 102 | @aCN@b110000 | |
| 105 | @aa z 000yd | |
| 200 | 1 | @a范文照@f黄元炤编著@Afan wen zhao |
| 210 | @a北京@c中国建筑工业出版社@d2015 | |
| 215 | @a360页@c照片@d23cm | |
| 300 | @a中国近代建筑师系列 | |
| 330 | @a本书对中国近代著名建筑师范文照创作实践的总结,内容从对范文照之观察与解析、经历与作品关系图、作品介绍三个部分来介绍范文照的设计思想演变,收录了近30个项目。 | |
| 606 | 0 | @a建筑师@x生平事迹@y中国@z现代 |
| 606 | 0 | @a建筑设计@x作品集@y中国@z现代 |
| 610 | 0 | @a范文照(1893-1979) |
| 690 | @aK826.16@v5 | |
| 701 | 0 | @a黄元炤@4编著@Ahuang yuan zhao |
| 801 | 0 | @aCN@c20160515 |
| 905 | @a河南城建学院图书馆@dK826.16@eF149 | |
| 范文照/黄元炤编著.-北京:中国建筑工业出版社,2015 |
| 360页:照片;23cm |
| 中国近代建筑师系列 |
| ISBN 978-7-112-18044-8:CNY48.00 |
| 本书对中国近代著名建筑师范文照创作实践的总结,内容从对范文照之观察与解析、经历与作品关系图、作品介绍三个部分来介绍范文照的设计思想演变,收录了近30个项目。 |
| ● |
| 相关链接 |
|
|
|
正题名:范文照
索取号:K826.16/F149
 
预约/预借
| 序号 | 登录号 | 条形码 | 馆藏地/架位号 | 状态 | 备注 |
| 1 | 1284338 | 212843388 | 自科二线404/309社科库 55排5列5层/ [索取号:K826.16/F149] | 在馆 | |
| 2 | 1284339 | 212843397 | 自科二线404/309社科库 55排5列5层/ [索取号:K826.16/F149] | 在馆 | |
| 3 | 1284340 | 212843404 | 自科二线404/309社科库 55排5列5层/ [索取号:K826.16/F149] | 在馆 | |
| 4 | 1306636 | 213066368 | 自科二线404/309社科库 55排5列5层/ [索取号:K826.16/F149] | 在馆 | |
| 5 | 1306637 | 213066377 | 自科二线404/309社科库 55排5列5层/ [索取号:K826.16/F149] | 在馆 | |
| 6 | 1306638 | 213066386 | 自科二线404/309社科库 55排5列5层/ [索取号:K826.16/F149] | 在馆 | |
| 7 | 1306639 | 213066395 | 社科库309/309社科库 55排5列5层/ [索取号:K826.16/F149] | 在馆 | |
| 8 | 1306640 | 213066402 | 社科库309/309社科库 55排5列5层/ [索取号:K826.16/F149] | 在馆 |